Movies Quiz

Random Movies or Clickable Quiz

Complete the 'S'-Word Movies (2010s) II Quiz Stats

 Plays Quiz not verified by Sporcle

Support Sporcle.
Go Orange.
Score 0/30 Timer 04:00
1 Play Today
% Correct
Secret
97.7%
Star
97.3%
See
97.2%
Street
96.8%
Seven
96.7%
Social
96.5%
Silver
96.5%
Saga
96.3%
Speech
96.1%
Shop
95.6%
Steve
95.6%
Shades
95.4%
Sword
95.2%
Slayer
94.9%
Summer
94.4%
% Correct
Salmon
94.3%
Shape
91.8%
Storm
91%
Schmucks
90.6%
Sausage
89.4%
Survivor
88.3%
Source
86.6%
Smurfs
86.1%
Searching
85.4%
Station
82.2%
Splash
81.5%
Springs
81.3%
Song
75.6%
Solo
71.6%
Strong
64%

You're not logged in!

Compare scores with friends on all Sporcle quizzes.
OR
Log In

From the Vault

Atlas Challenge: Go West

by paranoid_android

We like to think that this quiz is what Horace Greeley was talking about.
Remove Ads.
Support Sporcle.
Get the best of Sporcle when you Go Orange. This ad-free experience offers more features, more stats, and more fun while also helping to support Sporcle. Thank you for becoming a member.

Show Comments

Extras

Top Quizzes Today


Score Distribution

Your Account Isn't Verified!

In order to create a playlist on Sporcle, you need to verify the email address you used during registration. Go to your Sporcle Settings to finish the process.

Report this User

Report this user for behavior that violates our Community Guidelines.

Details: